Statystyki dla Mistrzowie Polski: Wyjściowe XI (Ekstraklasa 13/14-17/18)

Kliknij tutaj aby rozwiązać quiz!

Ogólne statystyki

  • Ten quiz został rozwiązany 26 razy
  • Średni wynik to 28 z 55

Statystyki odpowiedzi

Odpowiedź% Poprawnych
PolskaArtur Jędrzejczyk
86%
PolskaArtur Jędrzejczyk
86%
SłowacjaDusan Kuciak
82%
PolskaArkadiusz Malarz
77%
PolskaArkadiusz Malarz
77%
PolskaArkadiusz Malarz
77%
FinlandiaKasper Hamalainen
77%
FinlandiaKasper Hamalainen
77%
FinlandiaKasper Hamalainen
77%
SerbiaMiroslav Radovic
77%
SerbiaMiroslav Radovic
77%
WęgryNemanja Nikolic
77%
PolskaMichał Pazdan
73%
PolskaMichał Pazdan
73%
PolskaMichał Pazdan
73%
CzechyAdam Hlousek
68%
CzechyAdam Hlousek
68%
SerbiaAleksandar Prijovic
68%
SzkocjaBarry Douglas
68%
FrancjaThibault Moulin
64%
FrancjaThibault Moulin
64%
BelgiaVadis Odjidja-Ofoe
64%
ChorwacjaIvica Vrdoljak
59%
PolskaMichał Kucharczyk
59%
PolskaMichał Kucharczyk
59%
SzwajcariaDarko Jevtic
55%
BrazyliaGuilherme
50%
BrazyliaGuilherme
50%
HiszpaniaInaki Astiz
50%
EstoniaHenrik Ojamaa
45%
PolskaMarcin Kamiński
45%
PolskaJakub Rzeźniczak
41%
PolskaJakub Rzeźniczak
41%
CyprDossa Junior
36%
PolskaJarosław Niezgoda
36%
PolskaKrzysztof Mączyński
36%
PolskaMaciej Gostomski
36%
SłowacjaOndrej Duda
36%
FinlandiaPaulus Arajuuri
36%
PolskaIgor Lewczuk
32%
PolskaKarol Linetty
32%
PolskaŁukasz Broź
32%
PolskaMichał Kopczyński
32%
PolskaTomasz Jodłowiec
32%
PolskaTomasz Jodłowiec
32%
PolskaTomasz Kędziora
32%
PolskaŁukasz Trałka
27%
PolskaTomasz Brzyski
27%
PolskaTomasz Brzyski
27%
PortugaliaHelio Pinto
23%
WęgryGergo Lovrencics
18%
PolskaMaciej Dąbrowski
18%
PolskaMichał Żyro
18%
PolskaSebastian Szymański
18%
PolskaSzymon Pawłowski
14%

Rozkład punktacji

Percentyl według liczby udzielonych odpowiedzi

Procent ludzi z każdym wynikiem

Twoja historia wyników

Nie rozwiązałeś tego quizu